00531 2200217 4500001002100000005001700021008004100038020001800079035002500097040001200122082000800134090001500142100002100157245003100178250001100209260003000220300001800250650001600268850001200284990001700296INLIS00000000000661320150618133830.0  a979-534-665-4 a0010-061500000000734 aYopddiy a530 a530 Cla m2 aJohn O. E. Clark aMateri Fisika vol 4 Cahaya aCet. 1 aJakartabPakar Rayac2009 a64 hlm, 22 cm ailmu fisika aYOPDYOG a1680-KS/B.10